| 000 | 00518nam a2200157 a 4500 | ||
|---|---|---|---|
| 001 | 000038184 | ||
| 005 | 20201002031205.0 | ||
| 008 | 130320s1997 sp 000 0 spa d | ||
| 040 |
_aDO-SdBNP _bspa _cBNPHU |
||
| 100 | 1 |
_aFernández de la Torriente, Gastón _964556 |
|
| 245 | 1 | 0 |
_aCómo hablar correctamente en público : _bcomunicación oral / _cGastón Fernández de la Torriente. |
| 260 |
_aMadrid : _bNorma, _c1997. |
||
| 300 |
_a174 p. ; _c24 cm. |
||
| 500 | _aEdición actualizada | ||
| 500 | _aTexto a dos columnas | ||
| 999 |
_c37674 _d37674 |
||